2021 NFL Draft - Statistics

General Stats
  • This quiz has been taken 8 times
  • The average score is 59 of 259
Answer Stats
Rnd. Pick No. NFL team Player Pos. College % Correct
4 139 Cincinnati Bengals D'Ante Smith OT East Carolina
100%
1 10 Philadelphia Eagles DeVonta Smith WR Alabama
100%
4 116 New York Giants Elerson Smith DE Northern Iowa
100%
3 103 Los Angeles Rams Ernest Jones LB South Carolina
100%
1 5 Cincinnati Bengals Ja'Marr Chase WR LSU
100%
1 6 Miami Dolphins Jaylen Waddle WR Alabama
100%
4 121 Jacksonville Jaguars Jordan Smith DE UAB
100%
1 11 Chicago Bears Justin Fields QB Ohio State
100%
1 4 Atlanta Falcons Kyle Pitts TE Florida
100%
1 15 New England Patriots Mac Jones QB Alabama
100%
4 136 Arizona Cardinals Marco Wilson CB Florida
100%
1 12 Dallas Cowboys Micah Parsons LB Penn State
100%
3 90 Minnesota Vikings Patrick Jones II DE Pittsburgh
100%
1 7 Detroit Lions Penei Sewell OT Oregon
100%
6 204 Carolina Panthers Shi Smith WR South Carolina
100%
5 153 Cleveland Browns Tony Fields II LB West Virginia
100%
1 1 Jacksonville Jaguars Trevor Lawrence QB Clemson
100%
1 3 San Francisco 49ers Trey Lance QB North Dakota State
100%
6 226 Kansas City Chiefs Trey Smith OG Tennessee
100%
1 2 New York Jets Zach Wilson QB BYU
100%
4 141 Los Angeles Rams Jacob Harris WR UCF
83%
1 19 Washington Football Team Jamin Davis LB Kentucky
83%
1 8 Carolina Panthers Jaycee Horn CB South Carolina
83%
1 24 Pittsburgh Steelers Najee Harris RB Alabama
83%
1 9 Denver Broncos Patrick Surtain II CB Alabama
83%
5 165 Indianapolis Colts Shawn Davis S Florida
83%
1 25 Jacksonville Jaguars Travis Etienne RB Clemson
83%
3 86 Minnesota Vikings Wyatt Davis OG Ohio State
83%
1 20 New York Giants Kadarius Toney WR Florida
67%
1 13 Los Angeles Chargers Rashawn Slater OT Northwestern
67%
1 27 Baltimore Ravens Rashod Bateman WR Minnesota
67%
7 246 Washington Football Team Shaka Toney DE Penn State
67%
1 17 Las Vegas Raiders Alex Leatherwood OT Alabama
50%
1 14 New York Jets Alijah Vera-Tucker OG USC
50%
4 112 Detroit Lions Amon-Ra St. Brown WR USC
50%
2 47 Los Angeles Chargers Asante Samuel Jr. CB Florida State
50%
5 183 Atlanta Falcons Avery Williams CB Boise State
50%
1 22 Tennessee Titans Caleb Farley CB Virginia Tech
50%
1 23 Minnesota Vikings Christian Darrisaw OT Virginia Tech
50%
4 128 Pittsburgh Steelers Dan Moore OT Texas A&M
50%
4 108 Atlanta Falcons Darren Hall CB San Diego State
50%
3 67 Houston Texans Davis Mills QB Stanford
50%
6 221 Chicago Bears Dazz Newsome WR North Carolina
50%
2 34 New York Jets Elijah Moore WR Ole Miss
50%
1 26 Cleveland Browns Greg Newsome II CB Northwestern
50%
1 18 Miami Dolphins Jaelan Phillips DE Miami (FL)
50%
2 35 Denver Broncos Javonte Williams RB North Carolina
50%
5 155 San Francisco 49ers Jaylon Moore OG Western Michigan
50%
6 207 New York Jets Jonathan Marshall DT Arkansas
50%
1 21 Indianapolis Colts Kwity Paye DE Michigan
50%
2 64 Tampa Bay Buccaneers Kyle Trask QB Florida
50%
3 73 Philadelphia Eagles Milton Williams DT Louisiana Tech
50%
3 89 Houston Texans Nico Collins WR Michigan
50%
6 201 New York Giants Rodarius Williams CB Oklahoma State
50%
2 49 Arizona Cardinals Rondale Moore WR Purdue
50%
6 219 Denver Broncos Seth Williams WR Auburn
50%
2 59 Carolina Panthers Terrace Marshall Jr. WR LSU
50%
1 16 Arizona Cardinals Zaven Collins LB Tulsa
50%
4 117 Los Angeles Rams Bobby Brown III DT Texas A&M
33%
2 63 Kansas City Chiefs Creed Humphrey C Oklahoma
33%
6 193 Carolina Panthers Deonte Brown OG Alabama
33%
3 82 Washington Football Team Dyami Brown WR North Carolina
33%
5 174 Los Angeles Rams Earnest Brown IV DE Northwestern
33%
1 29 Green Bay Packers Eric Stokes CB Georgia
33%
4 133 New Orleans Saints Ian Book QB Notre Dame
33%
2 52 Cleveland Browns Jeremiah Owusu-Koramoah LB Notre Dame
33%
2 36 Miami Dolphins Jevon Holland S Oregon
33%
3 66 Minnesota Vikings Kellen Mond QB Texas A&M
33%
7 256 Green Bay Packers Kylin Hill RB Mississippi State
33%
2 37 Philadelphia Eagles Landon Dickerson C Alabama
33%
4 107 New York Jets Michael Carter RB North Carolina
33%
5 154 New York Jets Michael Carter II S Duke
33%
1 31 Baltimore Ravens Odafe Oweh DE Penn State
33%
2 55 Pittsburgh Steelers Pat Freiermuth TE Penn State
33%
1 28 New Orleans Saints Payton Turner DE Houston
33%
3 93 Buffalo Bills Spencer Brown OT Northern Iowa
33%
5 180 San Francisco 49ers Talanoa Hufanga S USC
33%
2 39 Chicago Bears Teven Jenkins OT Oklahoma State
33%
4 137 Seattle Seahawks Tre Brown CB Oklahoma
33%
6 190 Cincinnati Bengals Trey Hill C Georgia
33%
2 48 San Francisco 49ers Aaron Banks OG Notre Dame
17%
3 71 New York Giants Aaron Robinson CB UCF
17%
3 65 Jacksonville Jaguars Andre Cisco S Syracuse
17%
3 74 Washington Football Team Benjamin St-Juste CB Minnesota
17%
5 184 Baltimore Ravens Ben Mason FB Michigan
17%
3 70 Carolina Panthers Brady Christensen OT BYU
17%
5 147 Houston Texans Brevin Jordan TE Miami (FL)
17%
4 140 Pittsburgh Steelers Buddy Johnson LB Texas A&M
17%
2 61 Buffalo Bills Carlos Basham Jr. DE Wake Forest
17%
3 84 Dallas Cowboys Chauncey Golston DE Iowa
17%
2 38 New England Patriots Christian Barmore DT Alabama
17%
7 258 Washington Football Team Dax Milne WR BYU
17%
4 109 Tennessee Titans Dez Fitzpatrick WR Louisville
17%
2 53 Tennessee Titans Dillon Radunz OT North Dakota State
17%
4 114 Atlanta Falcons Drew Dalman C Stanford
17%
6 194 San Francisco 49ers Elijah Mitchell RB Louisiana
17%
5 149 Cincinnati Bengals Evan McPherson K Florida
17%
7 244 Miami Dolphins Gerrid Doaks RB Cincinnati
17%
1 30 Buffalo Bills Gregory Rousseau DE Miami (FL)
17%
3 81 Miami Dolphins Hunter Long TE Boston College
17%
4 115 Dallas Cowboys Jabril Cox LB LSU
17%
2 46 Cincinnati Bengals Jackson Carman OT Clemson
17%
6 209 Jacksonville Jaguars Jalen Camp WR Georgia Tech
17%
5 164 Denver Broncos Jamar Johnson S Indiana
17%
4 134 Minnesota Vikings Janarius Robinson DE Florida State
17%
1 32 Tampa Bay Buccaneers Joe Tryon-Shoyinka DE Washington
17%
2 62 Green Bay Packers Josh Myers C Ohio State
17%
3 77 Los Angeles Chargers Josh Palmer WR Tennessee
17%
5 166 Carolina Panthers Keith Taylor CB Washington
17%
2 44 Dallas Cowboys Kelvin Joseph CB Kentucky
17%
5 150 Philadelphia Eagles Kenneth Gainwell RB Memphis
17%
7 231 Miami Dolphins Larnel Coleman OT UMass
17%
2 42 Miami Dolphins Liam Eichenberg OT Notre Dame
17%
3 79 Las Vegas Raiders Malcolm Koonce DE Buffalo
17%
3 99 Dallas Cowboys Nahshon Wright CB Oregon State
17%
2 58 Kansas City Chiefs Nick Bolton LB Missouri
17%
5 162 Kansas City Chiefs Noah Gray TE Duke
17%
7 234 Philadelphia Eagles Patrick Johnson DE Tulane
17%
3 76 New Orleans Saints Paulson Adebo CB Stanford
17%
2 60 New Orleans Saints Pete Werner LB Ohio State
17%
7 254 Pittsburgh Steelers Pressley Harvin III P Georgia Tech
17%
3 98 Denver Broncos Quinn Meinerz OG Wisconsin–Whitewater
17%
5 169 Cleveland Browns Richard LeCounte S Georgia
17%
4 142 Green Bay Packers Royce Newman OG Ole Miss
17%
2 51 Washington Football Team Sam Cosmi OT Texas
17%
6 218 Indianapolis Colts Sam Ehlinger QB Texas
17%
6 191 Philadelphia Eagles Tarron Jackson DE Coastal Carolina
17%
3 83 Carolina Panthers Tommy Tremble TE Notre Dame
17%
2 43 Las Vegas Raiders Trevon Moehrig S TCU
17%
2 57 Los Angeles Rams Tutu Atwell WR Louisville
17%
2 33 Jacksonville Jaguars Tyson Campbell CB Georgia
17%
2 45 Jacksonville Jaguars Walker Little OT Stanford
17%
4 123 Philadelphia Eagles Zech McPhearson CB Texas Tech
17%
5 182 Atlanta Falcons Adetokunbo Ogundeji DE Notre Dame
0%
3 72 Detroit Lions Alim McNeill DT NC State
0%
3 85 Green Bay Packers Amari Rodgers WR Clemson
0%
3 102 San Francisco 49ers Ambry Thomas CB Michigan
0%
3 91 Cleveland Browns Anthony Schwartz WR Auburn
0%
2 50 New York Giants Azeez Ojulari DE Georgia
0%
3 105 Denver Broncos Baron Browning LB Ohio State
0%
3 94 Baltimore Ravens Ben Cleveland OG Georgia
0%
7 249 Los Angeles Rams Ben Skowronek WR Notre Dame
0%
6 215 Tennessee Titans Brady Breeze S Oregon
0%
6 200 New York Jets Brandin Echols CB Kentucky
0%
3 104 Baltimore Ravens Brandon Stephens CB SMU
0%
5 159 Los Angeles Chargers Brenden Jaimes OT Nebraska
0%
5 152 Denver Broncos Caden Sterns S Texas
0%
6 225 Washington Football Team Camaron Cheeseman LS Michigan
0%
5 177 New England Patriots Cameron McGrone LB Michigan
0%
4 111 Cincinnati Bengals Cameron Sample DE Tulane
0%
4 125 Minnesota Vikings Camryn Bynum S California
0%
3 78 Minnesota Vikings Chazz Surratt LB North Carolina
0%
6 202 Cincinnati Bengals Chris Evans RB Michigan
0%
7 252 Los Angeles Rams Chris Garrett LB Concordia–St. Paul
0%
4 118 Los Angeles Chargers Chris Rumph II DE Duke
0%
7 251 Tampa Bay Buccaneers Chris Wilcox CB BYU
0%
4 126 Carolina Panthers Chuba Hubbard RB Oklahoma State
0%
6 214 Green Bay Packers Cole Van Lanen OG Wisconsin
0%
5 181 Kansas City Chiefs Cornell Powell WR Clemson
0%
5 171 Baltimore Ravens Daelin Hayes DE Notre Dame
0%
6 212 Buffalo Bills Damar Hamlin S Pittsburgh
0%
5 163 Washington Football Team Darrick Forrest S Cincinnati
0%
5 158 Carolina Panthers Daviyon Nixon DT Iowa
0%
2 54 Indianapolis Colts Dayo Odeyingbo DE Vanderbilt
0%
6 211 Cleveland Browns Demetric Felton RB UCLA
0%
5 172 San Francisco 49ers Deommodore Lenoir CB Oregon
0%
4 113 Detroit Lions Derrick Barnes LB Purdue
0%
3 80 Las Vegas Raiders Divine Deablo LB Virginia Tech
0%
2 56 Seattle Seahawks D'Wayne Eskridge WR Western Michigan
0%
3 100 Tennessee Titans Elijah Molden CB Washington
0%
6 187 Atlanta Falcons Frank Darby WR Arizona State
0%
5 170 Houston Texans Garret Wallow LB TCU
0%
6 196 New York Giants Gary Brightwell RB Arizona
0%
7 259 Tampa Bay Buccaneers Grant Stuard LB Houston
0%
6 186 New York Jets Hamsah Nasirildeen S Florida State
0%
3 101 Detroit Lions Ifeatu Melifonwu CB Syracuse
0%
5 157 Minnesota Vikings Ihmir Smith-Marsette WR Iowa
0%
5 156 Pittsburgh Steelers Isaiahh Loudermilk DT Wisconsin
0%
6 220 Green Bay Packers Isaiah McDuffie LB Boston College
0%
6 227 Dallas Cowboys Israel Mukuamu CB South Carolina
0%
7 236 Buffalo Bills Jack Anderson OG Texas Tech
0%
6 224 Philadelphia Eagles JaCoby Stevens S LSU
0%
4 129 Tampa Bay Buccaneers Jaelon Darden WR North Texas
0%
7 233 Los Angeles Rams Jake Funk RB Maryland
0%
3 68 Atlanta Falcons Jalen Mayfield OT Michigan
0%
4 110 Cleveland Browns James Hudson OT Cincinnati
0%
7 243 Arizona Cardinals James Wiggins S Cincinnati
0%
5 146 New York Jets Jamien Sherwood S Auburn
0%
5 175 New York Jets Jason Pinnock CB Pittsburgh
0%
6 199 Minnesota Vikings Jaylen Twyman DT Pittsburgh
0%
4 106 Jacksonville Jaguars Jay Tufele DT USC
0%
7 257 Detroit Lions Jermar Jefferson RB Oregon State
0%
7 230 Las Vegas Raiders Jimmy Morrissey C Pittsburgh
0%
4 124 Washington Football Team John Bates TE Boise State
0%
7 239 Denver Broncos Jonathon Cooper DE Ohio State
0%
3 69 Cincinnati Bengals Joseph Ossai DE Texas
0%
4 138 Dallas Cowboys Josh Ball OT Marshall
0%
6 188 New England Patriots Joshuah Bledsoe S Missouri
0%
4 144 Kansas City Chiefs Joshua Kaindoh DE Florida State
0%
7 237 Denver Broncos Kary Vincent Jr. CB LSU
0%
7 255 New Orleans Saints Kawaan Baker WR South Alabama
0%
3 87 Pittsburgh Steelers Kendrick Green C Illinois
0%
4 119 Minnesota Vikings Kene Nwangwu RB Iowa State
0%
6 217 Chicago Bears Khalil Herbert RB Virginia Tech
0%
7 250 Chicago Bears Khyiris Tonga DT BYU
0%
5 176 Tampa Bay Buccaneers K. J. Britt LB Auburn
0%
4 127 Indianapolis Colts Kylen Granson TE SMU
0%
6 206 New Orleans Saints Landon Young OT Kentucky
0%
5 151 Chicago Bears Larry Borom OT Missouri
0%
6 198 Los Angeles Chargers Larry Rountree III RB Missouri
0%
2 41 Detroit Lions Levi Onwuzurike DT Washington
0%
5 145 Jacksonville Jaguars Luke Farrell TE Ohio State
0%
7 241 Los Angeles Chargers Mark Webb S Georgia
0%
6 189 Philadelphia Eagles Marlon Tuipulotu DT USC
0%
6 203 Buffalo Bills Marquez Stevenson WR Houston
0%
7 253 Denver Broncos Marquiss Spencer DE Mississippi State
0%
7 238 Dallas Cowboys Matt Farniok OG Nebraska
0%
7 247 Arizona Cardinals Michal Menet C Penn State
0%
7 229 Indianapolis Colts Mike Strachan WR Charleston (WV)
0%
3 92 Tennessee Titans Monty Rice LB Georgia
0%
5 167 Las Vegas Raiders Nate Hobbs CB Illinois
0%
6 185 Los Angeles Chargers Nick Niemann LB Iowa
0%
3 75 Dallas Cowboys Osa Odighizuwa DT UCLA
0%
7 232 Carolina Panthers Phil Hoskins DT Kentucky
0%
6 216 Pittsburgh Steelers Quincy Roche DE Miami (FL)
0%
6 192 Dallas Cowboys Quinton Bohanna DT Kentucky
0%
6 205 Tennessee Titans Racey McMath WR LSU
0%
6 213 Buffalo Bills Rachad Wildgoose CB Wisconsin
0%
4 135 Tennessee Titans Rashad Weaver DE Pittsburgh
0%
4 120 New England Patriots Rhamondre Stevenson RB Oklahoma
0%
2 40 Atlanta Falcons Richie Grant S UCF
0%
3 95 Tampa Bay Buccaneers Robert Hainsey OT Notre Dame
0%
4 130 Los Angeles Rams Robert Rochell CB Central Arkansas
0%
3 96 New England Patriots Ronnie Perkins DE Oklahoma
0%
6 195 Houston Texans Roy Lopez DT Arizona
0%
5 160 Baltimore Ravens Shaun Wade CB Ohio State
0%
5 178 Green Bay Packers Shemar Jean-Charles CB Appalachian State
0%
5 179 Dallas Cowboys Simi Fehoko WR Stanford
0%
6 208 Seattle Seahawks Stone Forsythe OT Florida
0%
5 148 Atlanta Falcons Ta'Quon Graham DE Texas
0%
6 223 Arizona Cardinals Tay Gowan CB UCF
0%
5 173 Green Bay Packers Tedarrell Slaton DT Florida
0%
6 222 Carolina Panthers Thomas Fletcher LS Alabama
0%
6 228 Chicago Bears Thomas Graham Jr. CB Oregon
0%
5 161 Buffalo Bills Tommy Doyle OT Miami (OH)
0%
4 132 Cleveland Browns Tommy Togiai DT Ohio State
0%
3 97 Los Angeles Chargers Tre' McKitty TE Georgia
0%
7 242 New England Patriots Tre Nixon WR UCF
0%
7 245 Pittsburgh Steelers Tre Norwood CB Oklahoma
0%
3 88 San Francisco 49ers Trey Sermon RB Ohio State
0%
4 131 Baltimore Ravens Tylan Wallace WR Oklahoma State
0%
4 122 Cincinnati Bengals Tyler Shelvin DT LSU
0%
4 143 Las Vegas Raiders Tyree Gillespie S Missouri
0%
6 210 Arizona Cardinals Victor Dimukeje DE Duke
0%
7 248 Indianapolis Colts Will Fries OG Penn State
0%
7 240 Washington Football Team William Bradley-King DE Baylor
0%
6 197 New England Patriots William Sherman OT Colorado
0%
7 235 Cincinnati Bengals Wyatt Hubert DE Kansas State
0%
5 168 Minnesota Vikings Zach Davidson TE Central Missouri
0%
No matching quizzes found
Score Distribution
Percent of People with Each Score
Percentile by Number Answered
Your Score History
You have not taken this quiz